THE ART OF KNITTING INSPIRATION OF STITCHES TEXTURES AND SURFACES (Record no. 17226)

MARC details
000 -LEADER
fixed length control field 00300nam a22001217a 4500
003 - CONTROL NUMBER IDENTIFIER
control field SGT
082 ## - DEWEY DECIMAL CLASSIFICATION NUMBER
Classification number 677
Item number T15B
100 ## - MAIN ENTRY--PERSONAL NAME
Personal name BLACK, SANDY
245 ## - TITLE STATEMENT
Title THE ART OF KNITTING INSPIRATION OF STITCHES TEXTURES AND SURFACES
260 ## - PUBLICATION, DISTRIBUTION, ETC. (IMPRINT)
Place of publication, distribution, etc LONDON
Name of publisher, distributor, etc THAMES & HUDON
Year of Publication 2015
300 ## - PAGE DESCRIPTION
No. of Pages 318
942 ## - ADDED ENTRY ELEMENTS (KOHA)
Source of classification or shelving scheme Dewey Decimal Classification
Koha item type Books
Holdings
Withdrawn status Lost status Source of classification or shelving scheme Damaged status Not for loan Home library Current library Shelving location Date acquired Vendor Name Cost, normal purchase price SGTU Bill Number Total Checkouts Full call number Accession No. (Barcode) Date last seen Bill Date Koha item type
    Dewey Decimal Classification     SGT Science & Social Sciences Library SGT Science & Social Sciences Library Text Book 30/03/2019 PANKAJ PUB. 2370.25 SGTU 4321   677 T15B FF626 30/03/2019 07/03/2019 Books